Ancient Cities Picture Quiz - Statistics

General Stats
  • This quiz has been taken 15 times
  • The average score is 10 of 20
Answer Stats
Picture Answer % Correct
Athens
100%
Jerusalem
100%
Petra
93%
Rome
86%
Angkor
79%
Machu Picchu
71%
Thebes
64%
Chichen Itza
50%
Persepolis
50%
Pompeii
50%
Ur
50%
Timbuktu
43%
Delphi
36%
Ctesiphon
29%
Knossos
29%
Teotihuacan
21%
Bagan
14%
Luoyang
7%
Nara
7%
Taxila
0%
No matching quizzes found
Score Distribution
Percent of People with Each Score
Percentile by Number Answered
Your Score History
You have not taken this quiz